000 01325cam a22003617a 4500
003 CHAP
005 20220329142532.0
008 010917d1998 mx a r 00110 spa d
010 _a84639
011 _a85611
020 _a968164087 X
035 _a96146
040 _cCHAP
082 0 4 _a339.23
_bG6 1994
100 0 0 _aGould, John P.
_950119
245 1 0 _aTeoría microeconómica
_c/por John P. Gould y Edward P. Lazear
250 _a3 ed.
260 _aMéxico, D.F. :
_bFondo de Cultura Económica,
_c1994.
300 _a870 p. :
_bilus. ; gráfs.
590 _aBATCH-UPD
_b10
_c20130110
_lUCH01
_h0819
590 _aBATCH-UPD
_b10
_c20130410
_lUCH01
_h0457
590 _aBATCH-UPD
_b10
_c20130914
_lUCH01
_h1550
590 _aCONVERSION
_b10
_c20130109
_lUCH01
_h1347
650 1 4 _aMicroeconomía.
_975508
700 0 0 _aLazear, Edward P.
_965216
901 _aBK
905 _aMayto Villalobos S.
942 _cLIBRO
949 _a339.23 G6 1994
_bBC
_cLIBRO
_d33724000837647
_eLIBRO
_h100868
_i96146
_si
_t$158.00
949 _a339.23 G6 1994
_bBC
_cLIBRO
_d33724000964417
_eLIBRO
_fc.4
_gI.c/e
_h107301
_i96146
_si
_t$246.00
949 _a339.23 G6 1994
_bBC
_cLIBRO
_d33724000973483
_eLIBRO
_fc.2
_gI.c/e
_h106148
_i96146
_si
_t$246.00
949 _a339.23 G6 1994
_bBC
_cLIBRO
_d33724000974150
_eLIBRO
_fc.3
_gI.c/e
_h106149
_i96146
_si
_t$246.00
999 _c84639
_d84639